| 000 | 01019nam a22002897i 4500 | ||
|---|---|---|---|
| 001 | BINCO | ||
| 003 | CO-MdBIC | ||
| 005 | 20240610173212.0 | ||
| 008 | 240610t |||a|||| |||| 00| 0 eng d | ||
| 020 | _a0-528-837419 | ||
| 040 |
_bspa. _cCO-MdBIC |
||
| 041 | _aspa | ||
| 082 |
_223 _a796 _bJ22 |
||
| 100 | _a Jaeggi, Chris, | ||
| 245 | 4 |
_aLos deportes _c/ Chris Jaeggi ; ilustrado por Meyer Seltzer ; traducido por Eugenia DeHoogh y Tatiana Davidson |
|
| 260 |
_aIllinois, Estados Unidos _bRand McNally _c[1995] |
||
| 264 | _c©1995 | ||
| 300 |
_a24 páginas : _bilustaraciones a color ; _c20 cm. |
||
| 490 | _aYo sé sobre | ||
| 501 | _aDescribe cómo, en qué estaciones y en qué entornos se practican muchos deportes diferentes, incluidos béisbol, baloncesto, hockey, tenis, natación y más. | ||
| 690 | _aDeportes | ||
| 690 | _aLiteratura juvenil | ||
| 700 |
_aSeltzer, Meyer, _eilustrador |
||
| 700 |
_aDeHoogh, Eugenia, _etraductora |
||
| 700 |
_a Davidson, Tatiana, _etraductora |
||
| 942 | _cLGB | ||
| 999 |
_c70108 _d70108 |
||